| 000 | nam a22 7a 4500 | ||
|---|---|---|---|
| 999 |
_c49925 _d49925 |
||
| 003 | OSt | ||
| 005 | 20200319104318.0 | ||
| 008 | 200319b xxu||||| |||| 00| 0 eng d | ||
| 040 | _cSERO SOFT | ||
| 100 | _aLALL BIHARI RAMAN | ||
| 245 | _aBHARAT MAY SHIKSHA PRANALI KA VIKAS | ||
| 250 | _aNEW | ||
| 260 |
_aMEERUT _bR.LALL |
||
| 300 | _a332 | ||
| 942 |
_2ddc _c01 |
||